| 000 | 00755nam a2200229 a 4500 | ||
|---|---|---|---|
| 001 | 42025 | ||
| 003 | BD-RjUL | ||
| 005 | 20211209053501.0 | ||
| 008 | 160608s1950 nyua 000 0 eng | ||
| 035 | _a(BD-RjUL)1310873 | ||
| 040 |
_aDLC _cCarP _dBD-RjUL _beng |
||
| 041 | _aeng | ||
| 082 |
_223 _a327.73 _bBAA 1950 |
||
| 100 | 1 |
_aBailey, Thomas Andrew _d1902-1983. _9129199 |
|
| 245 | 1 | 0 |
_aAmerica faces Russia / _cThomas Andrew Bailey |
| 260 |
_aIthaca : _bCornell University Press, _cc1950. |
||
| 300 |
_axi, 375 p. : _bill. ; _c24 cm. |
||
| 651 | 0 |
_aUnited States _xForeign relations _zRussia. [from old catalog] _9129200 |
|
| 651 | 0 |
_aRussia _xForeign relations _zUnited States. [from old catalog] _9129201 |
|
| 942 |
_2ddc _cBK |
||
| 999 |
_c42025 _d42025 |
||